[Event "Xtracon Chess Open 2016"]
[Site "Elsinore"]
[Date "2016.07.28"]
[Round "7.74"]
[White "Nordin, Eric"]
[Black "Holm, Ragnar"]
[Result "0-1"]
[WhiteElo "1832"]
[BlackElo "2104"]
[PlyCount "80"]
[EventDate "2016.07.23"]

1. e4 d6 2. d4 Nf6 3. Nc3 Nbd7 4. Nf3 e5 5. dxe5 dxe5 6. Bg5 c6 7. Bc4 Be7 8.
Qe2 a5 9. a3 Qc7 10. O-O Nc5 11. Rad1 O-O 12. Rfe1 b5 13. Bd3 Bg4 14. Qe3 Ne6
15. Ne2 Bc5 16. Qc1 Bxf3 17. gxf3 Nh5 18. Be3 Be7 19. Ng3 Nhf4 20. c3 Ng5 21.
Be2 g6 22. Kh1 h5 23. Rg1 Kh7 24. Bxf4 exf4 25. Nf1 Nh3 26. Rg2 Bc5 27. Rd4
Bxd4 28. cxd4 Qd6 29. Qc3 b4 30. Qc4 Rad8 31. axb4 Qxb4 32. Qxc6 Qxd4 33. b3
Nxf2+ 34. Kg1 Nxe4+ 35. Kh1 Nf2+ 36. Kg1 Ng4+ 37. Kh1 Ne3 38. Nxe3 Qxe3 39. Bc4
Rd1+ 40. Rg1 Qxg1# 0-1

[Event "Xtracon Chess Open 2016"]
[Site "Elsinore"]
[Date "2016.07.28"]
[Round "7.75"]
[White "Robertsen, Bjorn"]
[Black "Rishovd, Svein"]
[Result "1/2-1/2"]
[WhiteElo "1815"]
[BlackElo "2099"]
[PlyCount "106"]
[EventDate "2016.07.23"]

1. d4 Nf6 2. c4 e6 3. Nf3 d5 4. g3 Bb4+ 5. Nbd2 dxc4 6. Bg2 c6 7. O-O b5 8. Re1
O-O 9. e4 Bb7 10. a3 Be7 11. e5 Nd5 12. Ne4 Nd7 13. Bg5 h6 14. Bd2 f5 15. exf6
N7xf6 16. Bh3 Bc8 17. Ne5 Qb6 18. Ng6 Nxe4 19. Rxe4 Rf6 20. Nxe7+ Nxe7 21. Qe2
Nf5 22. Bxf5 Rxf5 23. Bb4 Bd7 24. Re1 Re8 25. Qd2 Qd8 26. Rf4 Qf6 27. Bd6 Rxf4
28. Qxf4 Qxf4 29. Bxf4 Rf8 30. Kg2 Kf7 31. Bd6 Ra8 32. Kf3 a5 33. Ke3 Ra7 34.
Kd2 Be8 35. Ke3 Rd7 36. Bc5 Rd5 37. f4 Kf6 38. Kf3 Rh5 39. Re2 Rh3 40. Kg2 Rh5
41. Bb6 a4 42. Kf3 Bg6 43. Bc7 Rd5 44. Bb6 Bd3 45. Re5 Rd7 46. Bc5 g6 47. Ke3
h5 48. h4 Rd5 49. Bb6 Rxe5+ 50. dxe5+ Kf5 51. Bc5 Kg4 52. Kf2 Be4 53. Bd6 Bd5
1/2-1/2

[Event "Xtracon Chess Open 2016"]
[Site "Elsinore"]
[Date "2016.07.28"]
[Round "7.76"]
[White "Jarve, Edvin"]
[Black "Kistrup, Nicolai"]
[Result "0-1"]
[WhiteElo "1716"]
[BlackElo "2089"]
[PlyCount "128"]
[EventDate "2016.07.23"]

1. d4 Nf6 2. c4 e6 3. Nc3 Bb4 4. e3 O-O 5. Nge2 d5 6. a3 Be7 7. cxd5 exd5 8.
Nf4 c6 9. Bd3 Bd6 10. Nh5 Nbd7 11. Nxf6+ Nxf6 12. f3 Re8 13. Qc2 Qc7 14. Bd2
Bf4 15. e4 dxe4 16. Nxe4 Bxd2+ 17. Qxd2 Bf5 18. Qe2 Qe7 19. O-O Nxe4 20. Bxe4
Bxe4 21. Rfe1 Qd7 22. fxe4 Qxd4+ 23. Kh1 Rad8 24. Rad1 Qe5 25. Rf1 g6 26. Rxd8
Rxd8 27. Qf2 Rd7 28. Qxa7 Qxe4 29. Qa5 Qe2 30. Qe1 Qxe1 31. Rxe1 Rd2 32. Rb1
Kg7 33. Kg1 Kf6 34. b4 Ra2 35. Rb3 Ke6 36. Re3+ Kd6 37. Rd3+ Kc7 38. Re3 Kb6
39. Re7 f5 40. Rxh7 Rxa3 41. Rg7 Rb3 42. Rxg6 Rxb4 43. g3 Rg4 44. Rf6 Rg5 45.
Kf2 Rh5 46. h4 Kc5 47. Ke3 b5 48. Kd3 b4 49. Kc2 Kb5 50. Kb3 c5 51. Rf8 c4+ 52.
Kc2 Kc5 53. Rc8+ Kd4 54. Rd8+ Ke3 55. Rc8 c3 56. Rc4 Kf3 57. Rxb4 Kxg3 58. Kxc3
f4 59. Kd2 f3 60. Ke1 Re5+ 61. Kf1 Rc5 62. Rb1 Rc2 63. Kg1 Rg2+ 64. Kf1 Rh2 0-1

[Event "Xtracon Chess Open 2016"]
[Site "Elsinore"]
[Date "2016.07.28"]
[Round "7.77"]
[White "Manz, Andreas"]
[Black "Sorensen, Bernhard W"]
[Result "1-0"]
[WhiteElo "1890"]
[BlackElo "1655"]
[PlyCount "91"]
[EventDate "2016.07.23"]

1. e4 e6 2. d4 d5 3. Nc3 Be7 4. exd5 Bb4 5. dxe6 Bxe6 6. Nf3 Nf6 7. a3 Ba5 8.
Bd3 h6 9. O-O O-O 10. Ne4 Nxe4 11. Bxe4 c6 12. c3 Bd5 13. Bxd5 Qxd5 14. Re1 Bc7
15. Qd3 Nd7 16. Qe4 Qh5 17. Qh4 Qg6 18. Bf4 Bd8 19. Qg3 Qxg3 20. Bxg3 Bf6 21.
Re2 Rae8 22. Rae1 Rxe2 23. Rxe2 Nb6 24. Be5 Re8 25. Kf1 Bxe5 26. Nxe5 f6 27.
Nd3 Kf7 28. Rxe8 Kxe8 29. Ke2 Nd5 30. c4 Ne7 31. Nf4 g5 32. Ne6 f5 33. Kd3 Kd7
34. Ng7 Kd6 35. f3 Kd7 36. g4 fxg4 37. fxg4 Ng6 38. Ke4 Nf4 39. h4 Ng6 40. hxg5
hxg5 41. Kf5 Nh4+ 42. Kxg5 Nf3+ 43. Kf6 Nxd4 44. g5 c5 45. g6 Nc6 46. Nf5 1-0

[Event "Xtracon Chess Open 2016"]
[Site "Elsinore"]
[Date "2016.07.28"]
[Round "7.78"]
[White "Wanvik, Tim"]
[Black "Jacobsen, Per"]
[Result "1/2-1/2"]
[WhiteElo "1479"]
[BlackElo "1636"]
[PlyCount "58"]
[EventDate "2016.07.23"]

1. d4 Nf6 2. c4 e5 3. dxe5 Ne4 4. Nf3 Nc6 5. Qc2 Nc5 6. a3 d6 7. exd6 Bxd6 8.
Nc3 O-O 9. Bg5 Qe8 10. b4 Ne6 11. e3 Ned4 12. Qd1 Nxf3+ 13. Qxf3 Qe5 14. Bf6
Nd4 15. Bxe5 Nxf3+ 16. gxf3 Bxe5 17. Rc1 g6 18. f4 Bg7 19. Bg2 c6 20. O-O Rd8
21. Rcd1 Be6 22. Ne4 Bxc4 23. Rxd8+ Rxd8 24. Rc1 Bd5 25. Rd1 Rf8 26. Ng3 Be6
27. Rb1 Bc4 28. Bf1 Bxf1 29. Kxf1 Rd8 1/2-1/2

[Event "Xtracon Chess Open 2016"]
[Site "Elsinore"]
[Date "2016.07.28"]
[Round "7.79"]
[White "Kyrkjebo, Eirik"]
[Black "Nielsen, Klaus"]
[Result "0-1"]
[WhiteElo "1590"]
[BlackElo "2089"]
[PlyCount "88"]
[EventDate "2016.07.23"]

1. e4 c5 2. Nf3 Nc6 3. Bb5 e6 4. Bxc6 bxc6 5. O-O d5 6. d3 Qc7 7. e5 Ne7 8.
Nbd2 Ng6 9. Re1 Be7 10. c4 O-O 11. Nb3 Ba6 12. Qe2 Rae8 13. Bd2 Bc8 14. Rac1 h6
15. cxd5 exd5 16. Nxc5 Bg4 17. h3 Bxf3 18. Qxf3 Nxe5 19. Qg3 Bd6 20. Qe3 Qc8
21. d4 Nc4 22. Qc3 Qf5 23. b3 Nxd2 24. Qxd2 Bf4 25. Qd3 Qxd3 26. Nxd3 Bxc1 27.
Rxc1 Rc8 28. Ne5 f6 29. Nxc6 Kf7 30. b4 Ke6 31. Re1+ Kd7 32. b5 Rfe8 33. Rb1
Rc7 34. Kf1 Rb7 35. a4 a6 36. Na5 Rb6 37. Nc6 axb5 38. axb5 Rc8 39. Ke2 Kd6 40.
Ra1 Rxb5 41. Na7 Rb2+ 42. Kd3 Rcb8 43. Ra6+ Kd7 44. Ra3 R2b3+ 0-1

[Event "Xtracon Chess Open 2016"]
[Site "Elsinore"]
[Date "2016.07.28"]
[Round "7.80"]
[White "Hviid, Hans Henrik"]
[Black "Eldor, Finn"]
[Result "1-0"]
[WhiteElo "1367"]
[BlackElo "1428"]
[PlyCount "49"]
[EventDate "2016.07.23"]

1. e4 e5 2. Nf3 d6 3. Bc4 Nf6 4. O-O h6 5. d3 Nc6 6. Nc3 Be7 7. Bb5 Bd7 8. d4
exd4 9. Nxd4 O-O 10. Bc4 Ne5 11. Bd3 c6 12. f4 Nxd3 13. cxd3 Nh7 14. Qf3 c5 15.
Nde2 Bc6 16. f5 Bf6 17. Qg4 Qb6 18. Kh1 Rfe8 19. Bxh6 Kh8 20. Bf4 Qd8 21. Rf3
Bg5 22. Rg3 f6 23. h4 Bh6 24. Bxh6 gxh6 25. Qg6 1-0

[Event "Xtracon Chess Open 2016"]
[Site "Elsinore"]
[Date "2016.07.28"]
[Round "7.81"]
[White "Jensen, Thore Nyboe"]
[Black "Thybo, Thomas Sondergaard"]
[Result "1/2-1/2"]
[WhiteElo "2081"]
[BlackElo "1886"]
[PlyCount "58"]
[EventDate "2016.07.23"]

1. e4 g6 2. d4 Bg7 3. Nc3 d6 4. f4 Nf6 5. Nf3 c5 6. d5 O-O 7. Bc4 e6 8. O-O
exd5 9. exd5 Bf5 10. h3 Nbd7 11. Re1 Re8 12. Be3 Ne4 13. Nxe4 Bxe4 14. Ng5 Nb6
15. Bb5 Re7 16. Nxe4 Rxe4 17. c3 Qe7 18. Kf2 Qh4+ 19. Kf3 f5 20. Bd3 Re7 21.
Bf2 Qh5+ 22. Kg3 Qxd1 23. Raxd1 Rae8 24. Rxe7 Rxe7 25. Rd2 Kf8 26. Bf1 Ke8 27.
Kf3 a6 28. Bh4 Rf7 29. g4 Bf6 1/2-1/2

[Event "Xtracon Chess Open 2016"]
[Site "Elsinore"]
[Date "2016.07.28"]
[Round "7.82"]
[White "Fossan, Andreas"]
[Black "Skjolas, Erling Dyrhaug"]
[Result "1-0"]
[WhiteElo "2071"]
[BlackElo "1709"]
[PlyCount "65"]
[EventDate "2016.07.23"]

1. d4 Nf6 2. Bg5 g6 3. Bxf6 exf6 4. e3 Bg7 5. g3 d5 6. Bg2 O-O 7. Ne2 c6 8. O-O
Na6 9. Nd2 Nc7 10. c4 dxc4 11. Nxc4 Bg4 12. Qc2 Re8 13. Nc3 Be6 14. Na5 Qc8 15.
Rfc1 Nd5 16. Nxd5 Bxd5 17. Bxd5 cxd5 18. Qxc8 Rexc8 19. Nxb7 Rab8 20. Rxc8+
Rxc8 21. Nc5 Bf8 22. Rc1 Bd6 23. b4 Rc7 24. a4 Kf8 25. Kf1 Ke7 26. Ke2 Bxc5 27.
dxc5 a6 28. Kd3 Rb7 29. Rb1 Kd7 30. Kd4 Ke6 31. b5 a5 32. c6 Rc7 33. Kc5 1-0

[Event "Xtracon Chess Open 2016"]
[Site "Elsinore"]
[Date "2016.07.28"]
[Round "7.83"]
[White "Roder, Peter"]
[Black "Jacobsen, Elise Sjottem"]
[Result "1/2-1/2"]
[WhiteElo "2056"]
[BlackElo "1611"]
[PlyCount "91"]
[EventDate "2016.07.23"]

1. d4 Nf6 2. c4 c5 3. d5 b5 4. cxb5 a6 5. b6 e6 6. Nc3 Nxd5 7. Nxd5 exd5 8.
Qxd5 Nc6 9. Nf3 Bb7 10. Qd1 Qxb6 11. e3 Be7 12. Be2 O-O 13. O-O d6 14. Qa4 Rab8
15. Qg4 Bf6 16. Rb1 Rfe8 17. Bd2 Ne5 18. Nxe5 Rxe5 19. Bf3 Rg5 20. Qf4 Rg6 21.
Bxb7 Qxb7 22. f3 Bg5 23. Qf5 Re8 24. Qd3 Qb6 25. f4 Bd8 26. Rf3 Qb5 27. Qxb5
axb5 28. Kf2 Rge6 29. b3 Bf6 30. Rc1 Ra8 31. Rc2 h6 32. Ke2 Re7 33. Bc1 b4 34.
Kd3 Rea7 35. Rff2 Kf8 36. e4 Bd4 37. Be3 Bxe3 38. Kxe3 Ra5 39. g4 f6 40. h4 Ke7
41. Kd3 Kd7 42. Kc4 Kc6 43. Rfe2 Re8 44. Rcd2 Ra7 45. Re3 Rae7 46. Rde2 1/2-1/2

[Event "Xtracon Chess Open 2016"]
[Site "Elsinore"]
[Date "2016.07.28"]
[Round "7.84"]
[White "Linderod, Lars Erik"]
[Black "Roe, Simon J"]
[Result "0-1"]
[WhiteElo "1935"]
[BlackElo "2238"]
[PlyCount "60"]
[EventDate "2016.07.23"]

1. e4 c5 2. Nf3 e6 3. d4 cxd4 4. Nxd4 a6 5. Be3 Nf6 6. Nc3 Qc7 7. f3 Bb4 8. Bd2
Nc6 9. Nxc6 bxc6 10. a3 Bc5 11. Qe2 e5 12. f4 Rb8 13. Qf3 d6 14. fxe5 dxe5 15.
Bd3 Bd4 16. Qg3 O-O 17. Rf1 Nh5 18. Qg5 Nf4 19. Rf3 Rxb2 20. Rxf4 exf4 21. Ke2
Qe5 22. Qxe5 Bxe5 23. Rc1 Re8 24. Na4 Rb8 25. Nc5 Bd6 26. Nxa6 Ra8 27. Nb4 c5
28. Nd5 c4 29. Bxc4 Rxe4+ 30. Kd3 Bf5 0-1

[Event "Xtracon Chess Open 2016"]
[Site "Elsinore"]
[Date "2016.07.28"]
[Round "7.85"]
[White "Nielsen, Jan Mose"]
[Black "Nielsen, Carsten Juul"]
[Result "1-0"]
[WhiteElo "2110"]
[BlackElo "1939"]
[PlyCount "49"]
[EventDate "2016.07.23"]

1. e4 c5 2. c3 Nf6 3. e5 Nd5 4. d4 cxd4 5. cxd4 d6 6. Nf3 Nc6 7. Bc4 dxe5 8.
dxe5 e6 9. O-O Be7 10. Qe2 Nb6 11. Rd1 Qc7 12. Bb3 Nd7 13. Nc3 a6 14. Bf4 Nf8
15. Rac1 Ng6 16. Be3 O-O 17. Bd4 Rd8 18. Qc4 Qa5 19. Be3 Ncxe5 20. Qe4 Nxf3+
21. Qxf3 Qc7 22. Nd5 Qd6 23. Bc5 Qxc5 24. Rxc5 Bxc5 25. Nf6+ 1-0

[Event "Xtracon Chess Open 2016"]
[Site "Elsinore"]
[Date "2016.07.28"]
[Round "7.86"]
[White "Bosselmann, Tom Linus"]
[Black "Palozza, Christian"]
[Result "1/2-1/2"]
[WhiteElo "1928"]
[BlackElo "2090"]
[PlyCount "43"]
[EventDate "2016.07.23"]

1. e4 e6 2. d4 d5 3. e5 c5 4. c3 Nc6 5. Nf3 Qb6 6. Bd3 Bd7 7. O-O Rc8 8. a3
cxd4 9. cxd4 Nxd4 10. Nxd4 Qxd4 11. Nc3 Qb6 12. Qe2 a6 13. Kh1 Ne7 14. f4 g6
15. Be3 Qd8 16. Qf2 Nf5 17. Bxf5 gxf5 18. Bb6 Qe7 19. Qg3 Bc6 20. Rfd1 Qd7 21.
Rac1 h5 22. h4 1/2-1/2

[Event "Xtracon Chess Open 2016"]
[Site "Elsinore"]
[Date "2016.07.28"]
[Round "7.87"]
[White "Ramkilde, Mikael"]
[Black "Nielsen, Jorgen Lovgren"]
[Result "1-0"]
[WhiteElo "1907"]
[BlackElo "2085"]
[PlyCount "51"]
[EventDate "2016.07.23"]

1. e4 e5 2. Nf3 Nc6 3. d4 exd4 4. Nxd4 Bc5 5. Nb3 Bb6 6. Nc3 d6 7. a4 a6 8. Qe2
Nge7 9. Be3 Bxe3 10. Qxe3 O-O 11. O-O-O Ng6 12. f4 Re8 13. g3 Nb4 14. Qf3 Qf6
15. h4 Bd7 16. Bg2 Bc6 17. Nd4 b5 18. Nxc6 Nxc6 19. e5 dxe5 20. Qxc6 Rab8 21.
Qxf6 gxf6 22. h5 Ne7 23. a5 c6 24. Ne4 Nd5 25. Rxd5 cxd5 26. Nxf6+ 1-0

[Event "Xtracon Chess Open 2016"]
[Site "Elsinore"]
[Date "2016.07.28"]
[Round "7.88"]
[White "Stray, Gunnar"]
[Black "Andreassen, Mikkel"]
[Result "0-1"]
[WhiteElo "2074"]
[BlackElo "1937"]
[PlyCount "72"]
[EventDate "2016.07.23"]

1. d4 d5 2. Nf3 Nf6 3. e3 e6 4. Bd3 c5 5. b3 Nc6 6. Bb2 Bd6 7. Nbd2 O-O 8. O-O
b6 9. Ne5 Nb4 10. Be2 Qc7 11. a3 cxd4 12. exd4 Qxc2 13. Qxc2 Nxc2 14. Ra2 Bb7
15. Rc1 Rac8 16. Bd3 Nxd4 17. Rxc8 Rxc8 18. Bxd4 Rc1+ 19. Nf1 Ne4 20. Nf3 Nc3
21. Bxc3 Rxc3 22. Bc2 e5 23. N3d2 g6 24. Nb1 Rc7 25. Ne3 e4 26. g3 d4 27. Nc4
d3 28. Bd1 Bc5 29. Nc3 a6 30. Kf1 Bd4 31. Nb1 b5 32. Ncd2 Rc1 33. Ke1 Bd5 34.
a4 b4 35. a5 Bc3 36. Ra4 Rxb1 0-1

[Event "Xtracon Chess Open 2016"]
[Site "Elsinore"]
[Date "2016.07.28"]
[Round "7.89"]
[White "Sande, Odmund"]
[Black "Brondum, Eric"]
[Result "1/2-1/2"]
[WhiteElo "1877"]
[BlackElo "2068"]
[PlyCount "123"]
[EventDate "2016.07.23"]

1. d4 Nf6 2. c4 g6 3. Nc3 Bg7 4. e4 d6 5. f3 O-O 6. Be3 Nc6 7. Qd2 a6 8. O-O-O
Rb8 9. Bh6 e5 10. d5 Nd4 11. Nge2 Bxh6 12. Qxh6 c5 13. dxc6 bxc6 14. Nxd4 exd4
15. Rxd4 Qb6 16. Rd2 Be6 17. Qh4 Kg7 18. Qf2 Qxf2 19. Rxf2 d5 20. cxd5 cxd5 21.
Bxa6 dxe4 22. fxe4 Ra8 23. Bb7 Ra7 24. Bd5 Rc8 25. Bxe6 fxe6 26. Kb1 Ng4 27.
Rd2 Rb7 28. Ka1 Ne5 29. Rhd1 Kf6 30. Rf2+ Ke7 31. a4 Rb4 32. Ka2 Rcb8 33. Rb1
Nd3 34. Rd2 Nc5 35. b3 Rxb3 36. Rdb2 Rxb2+ 37. Rxb2 Rc8 38. Rb6 Nd7 39. Rb3 Nc5
40. Ra3 Kf6 41. a5 Ke5 42. Nb5 Na6 43. Kb2 Rb8 44. Rb3 Nc5 45. Nd4 Nxb3 46.
Nc6+ Kxe4 47. Nxb8 Nxa5 48. Nd7 h5 49. Nf8 Kf5 50. Kc3 Nc6 51. Kd3 Ne5+ 52. Ke2
g5 53. h3 Ng6 54. Nd7 e5 55. Kf3 h4 56. Nc5 Nf4 57. Nb3 e4+ 58. Kf2 Ke5 59. g3
Nxh3+ 60. Kg2 e3 61. Kxh3 e2 62. Nc1 1/2-1/2

[Event "Xtracon Chess Open 2016"]
[Site "Elsinore"]
[Date "2016.07.28"]
[Round "7.90"]
[White "Schrodt, Sebastian"]
[Black "Jarlnaes, Erik"]
[Result "0-1"]
[WhiteElo "2060"]
[BlackElo "1928"]
[PlyCount "78"]
[EventDate "2016.07.23"]

1. Nf3 Nf6 2. g3 c5 3. b3 b6 4. Bb2 Bb7 5. Bg2 e6 6. c4 Be7 7. O-O O-O 8. e3 d5
9. Qe2 Nbd7 10. Nc3 Ne4 11. Rfd1 Nxc3 12. Bxc3 dxc4 13. bxc4 Bf6 14. d4 Qc7 15.
Rac1 Rad8 16. a4 Be4 17. Qa2 Qb7 18. Ne1 Bxg2 19. Nxg2 Nb8 20. Qb2 Rd7 21. a5
bxa5 22. Qa3 cxd4 23. exd4 Nc6 24. d5 Bxc3 25. dxc6 Rxd1+ 26. Rxd1 Qb4 27. Qxb4
axb4 28. Nf4 Rc8 29. c7 Bf6 30. Rd7 Kf8 31. Nd3 Ke8 32. Nc5 Be5 33. Rd1 Rxc7
34. Nd3 Bc3 35. Rc1 a5 36. Rc2 Rxc4 37. Nb2 Rd4 38. Na4 Rd1+ 39. Kg2 Rd2 0-1

[Event "Xtracon Chess Open 2016"]
[Site "Elsinore"]
[Date "2016.07.28"]
[Round "7.91"]
[White "Meurman, Arne"]
[Black "Nielsen, Thomas"]
[Result "1-0"]
[WhiteElo "2035"]
[BlackElo "1906"]
[PlyCount "129"]
[EventDate "2016.07.23"]

1. e4 c6 2. d4 d5 3. Nc3 dxe4 4. Nxe4 Bf5 5. Ng3 Bg6 6. h4 h6 7. Nf3 Nd7 8. h5
Bh7 9. Bd3 Bxd3 10. Qxd3 e6 11. Bf4 Qa5+ 12. Bd2 Bb4 13. Bxb4 Qxb4+ 14. Qc3
Qxc3+ 15. bxc3 Ngf6 16. O-O-O c5 17. Rde1 O-O 18. Ne5 Rfd8 19. Ne4 Nxe4 20.
Rxe4 Rac8 21. Rd1 Nf6 22. Rh4 c4 23. Kd2 Nd7 24. Re1 Nb6 25. Rb1 Rc5 26. f4 Ra5
27. Rb2 Rdd5 28. Rb4 Rxa2 29. Nxc4 Nxc4+ 30. Rxc4 Rd8 31. Rh1 Rb2 32. Ra1 a6
33. g4 Rb5 34. Ke3 Kf8 35. Rc7 Ke8 36. c4 Rb2 37. Kd3 Rd7 38. Rc8+ Ke7 39. g5
Rd8 40. Rc7+ Rd7 41. Rc8 Rd8 42. Rc5 Rb6 43. Rca5 Rc8 44. R5a4 Rbc6 45. Rb4
R6c7 46. Rab1 b5 47. c5 Rd7 48. Ke4 hxg5 49. fxg5 Rd5 50. Rg1 Rh8 51. c4 bxc4
52. Rb7+ Rd7 53. c6 Rxb7 54. cxb7 Rb8 55. Rb1 f6 56. h6 f5+ 57. Ke5 gxh6 58.
gxh6 c3 59. h7 c2 60. Rc1 Kf7 61. Rxc2 Kg7 62. Rc8 Rxb7 63. h8=Q+ Kg6 64. Rg8+
Rg7 65. Rxg7# 1-0

[Event "Xtracon Chess Open 2016"]
[Site "Elsinore"]
[Date "2016.07.28"]
[Round "7.92"]
[White "Fossan, Benjamin"]
[Black "Stake Larsen, Gunnar"]
[Result "1/2-1/2"]
[WhiteElo "1873"]
[BlackElo "2034"]
[PlyCount "75"]
[EventDate "2016.07.23"]

1. e4 c5 2. Nf3 e6 3. b3 d6 4. Bb2 Nc6 5. d4 cxd4 6. Nxd4 e5 7. Nxc6 bxc6 8. c4
Nf6 9. Nc3 Be7 10. Be2 O-O 11. O-O Ne8 12. Qc2 Bg5 13. Rad1 c5 14. Nd5 Nc7 15.
Nxc7 Qxc7 16. Qd3 Be7 17. Qd2 Bb7 18. Bd3 Qc8 19. f4 f5 20. fxe5 fxe4 21. exd6
Rxf1+ 22. Rxf1 Bxd6 23. Bxe4 Bxh2+ 24. Kxh2 Bxe4 25. Qf4 Bg6 26. Qe5 Qb8 27.
Rd1 Qxe5+ 28. Bxe5 Re8 29. Bc3 Re3 30. Ba1 Re2 31. Rd8+ Kf7 32. Rd7+ Re7 33.
Rxe7+ Kxe7 34. Kg3 Bb1 35. a3 Ba2 36. b4 cxb4 37. axb4 Bxc4 38. Bd4 1/2-1/2

[Event "Xtracon Chess Open 2016"]
[Site "Elsinore"]
[Date "2016.07.28"]
[Round "7.93"]
[White "Weber, Samuel"]
[Black "Marthedal, Anton Mehmet Yildiz"]
[Result "0-1"]
[WhiteElo "2031"]
[BlackElo "1891"]
[PlyCount "92"]
[EventDate "2016.07.23"]

1. e4 c6 2. d3 d5 3. Nd2 e5 4. Ngf3 Bd6 5. g3 Bg4 6. Bg2 Nf6 7. O-O dxe4 8.
dxe4 Nbd7 9. Qe2 h6 10. b3 Qe7 11. Bb2 O-O 12. h3 Bh5 13. Rfe1 b5 14. Qf1 Ba3
15. Bxa3 Qxa3 16. Nh4 Qb2 17. Rec1 Rad8 18. Nf5 Nc5 19. Qe1 Rd7 20. Nf1 Rfd8
21. f3 Ne6 22. Qa5 Nd4 23. Rab1 Qc3 24. Ne7+ Kf8 25. Qxc3 Ne2+ 26. Kh2 Nxc3 27.
Nxc6 Rc8 28. Nxe5 Re7 29. Nd3 Nxb1 30. Rxb1 Rxc2 31. Nb4 Rc3 32. g4 a5 33. Na6
Bg6 34. Rd1 Rd7 35. Rxd7 Nxd7 36. b4 Rc6 37. Nc5 Nxc5 38. bxc5 Rxc5 39. Ne3 Rc3
40. Nd5 Ra3 41. Bf1 Rxf3 42. Bxb5 Bxe4 43. Nb6 Rf2+ 44. Kg3 Rb2 45. Nd7+ Ke7
46. Ba4 Rxa2 0-1

[Event "Xtracon Chess Open 2016"]
[Site "Elsinore"]
[Date "2016.07.28"]
[Round "7.94"]
[White "Dittrich, Tom"]
[Black "Olesen, Poul Erik Norgaard"]
[Result "1/2-1/2"]
[WhiteElo "1864"]
[BlackElo "2020"]
[PlyCount "96"]
[EventDate "2016.07.23"]

1. e4 g6 2. d4 Bg7 3. Nc3 d6 4. Be3 a6 5. a4 Nf6 6. h3 O-O 7. Nf3 Nbd7 8. Be2
e5 9. dxe5 dxe5 10. O-O h6 11. Qb1 Qe7 12. b4 a5 13. bxa5 Rxa5 14. Nd2 Ra8 15.
Nb5 c6 16. Na7 Nc5 17. Qb4 Nfd7 18. Nxc8 Rfxc8 19. Nb3 Bf8 20. Nxc5 Nxc5 21.
Bxc5 Qxc5 22. Qxc5 Bxc5 23. Rfd1 Rd8 24. Rxd8+ Rxd8 25. Bd3 Rd4 26. Kf1 f5 27.
f3 f4 28. Ra2 Kf8 29. Ke2 Rb4 30. c3 Rb3 31. Kd2 b6 32. Kc2 Ra3 33. Rxa3 Bxa3
34. Bc4 Ke7 35. Kd3 Kf6 36. Bb3 Bc5 37. Ke2 Ba3 38. Kd3 Kg5 39. Bf7 Bb2 40. Be8
Kh4 41. Bxg6 Kg3 42. Bh5 Kxg2 43. Bg4 Kg3 44. c4 Bd4 45. Ke2 Be3 46. Bd7 h5 47.
Bf5 Kh4 48. Bd7 Bd4 1/2-1/2

[Event "Xtracon Chess Open 2016"]
[Site "Elsinore"]
[Date "2016.07.28"]
[Round "7.95"]
[White "Janse, Alexander"]
[Black "Skovgaard, Andreas"]
[Result "1-0"]
[WhiteElo "2017"]
[BlackElo "1868"]
[PlyCount "67"]
[EventDate "2016.07.23"]

1. e4 c5 2. Nf3 Nc6 3. d4 cxd4 4. Nxd4 d6 5. Nc3 Bd7 6. Be3 Nf6 7. Be2 g6 8. g4
h5 9. gxh5 Nxh5 10. Qd2 Nf6 11. O-O-O Qa5 12. Nb3 Qe5 13. f4 Qe6 14. Bf3 Rh3
15. Bg2 Rxe3 16. Qxe3 Bh6 17. Ne2 Ng4 18. Qg3 Qc4 19. Nc3 Rc8 20. Kb1 a5 21.
Bf1 Qb4 22. Bd3 e6 23. a3 Qb6 24. Qxg4 Nb4 25. axb4 Rxc3 26. Qg1 Qxb4 27. bxc3
Qa3 28. Qd4 b5 29. Bxb5 Bxf4 30. Qh8+ Ke7 31. Qh4+ g5 32. Qf2 Be5 33. Qe3 Bxb5
34. Qa7+ 1-0

[Event "Xtracon Chess Open 2016"]
[Site "Elsinore"]
[Date "2016.07.28"]
[Round "7.96"]
[White "Philipsen, William Horup"]
[Black "Ingebretsen, Jens E"]
[Result "1/2-1/2"]
[WhiteElo "2016"]
[BlackElo "1862"]
[PlyCount "93"]
[EventDate "2016.07.23"]

1. e4 e6 2. d4 d5 3. e5 c5 4. c3 Nc6 5. Nf3 Bd7 6. Bd3 Qb6 7. O-O cxd4 8. cxd4
Nb4 9. Be2 Bb5 10. Bxb5+ Qxb5 11. Nc3 Qd7 12. Be3 Ne7 13. Rc1 Nf5 14. Qe2 Nxe3
15. fxe3 Be7 16. Nb5 Nc6 17. Ng5 O-O 18. Qh5 Bxg5 19. Qxg5 Nxe5 20. Qxe5 Qxb5
21. Rc7 Rac8 22. Re7 Qb4 23. Qg5 h6 24. Qh4 Qxb2 25. Qg4 Qa3 26. Rxb7 Qxe3+ 27.
Kh1 Rc1 28. Rb1 Rfc8 29. h3 Rxb1 30. Rxb1 Rc1+ 31. Rxc1 Qxc1+ 32. Kh2 Qc2 33.
Qg3 Qxa2 34. Qb8+ Kh7 35. Qe8 Kg6 36. h4 Qf2 37. Qe7 a5 38. Kh3 a4 39. Qa7 a3
40. Qxa3 Qxd4 41. g4 Qe4 42. h5+ Kh7 43. Qf8 Qf3+ 44. Kh4 Qg2 45. Qb8 f5 46.
gxf5 exf5 47. Qh8+ 1/2-1/2

[Event "Xtracon Chess Open 2016"]
[Site "Elsinore"]
[Date "2016.07.28"]
[Round "7.97"]
[White "Overgaard, Jorgen"]
[Black "Christensen, Casper"]
[Result "1/2-1/2"]
[WhiteElo "1854"]
[BlackElo "2012"]
[PlyCount "38"]
[EventDate "2016.07.23"]

1. d4 Nf6 2. e3 g6 3. Bd3 Bg7 4. f4 O-O 5. Nf3 c5 6. c3 cxd4 7. exd4 d5 8. Nbd2
Nh5 9. g3 Nc6 10. O-O f6 11. Nh4 f5 12. Nhf3 Qb6 13. Qb3 Qxb3 14. axb3 Nf6 15.
Ne5 Nxe5 16. dxe5 Ne4 17. Nf3 a6 18. Nd4 e6 19. b4 Bd7 1/2-1/2

[Event "Xtracon Chess Open 2016"]
[Site "Elsinore"]
[Date "2016.07.28"]
[Round "7.98"]
[White "Skou, Niels"]
[Black "Smeby, Ole"]
[Result "1-0"]
[WhiteElo "2011"]
[BlackElo "1847"]
[PlyCount "143"]
[EventDate "2016.07.23"]

1. c4 c5 2. Nc3 g6 3. g3 Bg7 4. Bg2 Nc6 5. Nf3 d6 6. O-O Be6 7. d3 Nf6 8. e4
O-O 9. h3 Rb8 10. Be3 Bd7 11. Qd2 Re8 12. Bh6 Bh8 13. Ng5 Nd4 14. f4 Ne6 15.
Nf3 Bg7 16. f5 Nf8 17. Nh4 Nh5 18. Bxg7 Kxg7 19. Rf3 h6 20. fxg6 fxg6 21. Nd5
Nh7 22. Kh2 e6 23. Qc3+ e5 24. Raf1 Rf8 25. Rxf8 Nxf8 26. Bf3 Nf6 27. Nxf6 Qxf6
28. Qa5 Qd8 29. Qxa7 Bc6 30. Qa3 Ne6 31. Qc3 Nd4 32. Bg4 Qg5 33. Qc1 Qxc1 34.
Rxc1 h5 35. Bd1 b5 36. cxb5 Rxb5 37. b3 Rb7 38. Nf3 Ne6 39. Kg2 Kf6 40. Kf2 Ra7
41. Rc2 Bb5 42. Ke3 Ra3 43. Nd2 Nd4 44. Rb2 Ke6 45. Nb1 Ra8 46. b4 cxb4 47.
Rxb4 Rxa2 48. Rxb5 Rg2 49. Rb8 Rxg3+ 50. Kd2 Rxh3 51. Rg8 Kf7 52. Rd8 Ke7 53.
Rh8 h4 54. Nc3 Rh2+ 55. Ke1 Ne6 56. Nd5+ Kf7 57. Rh7+ Kf8 58. Rd7 Rh1+ 59. Kd2
Rh2+ 60. Kc3 Nf4 61. Rxd6 g5 62. Nxf4 exf4 63. Kd4 Rg2 64. Ke5 Kg7 65. Kf5 h3
66. Rd7+ Kh6 67. Bb3 Rb2 68. Bg8 Rb5+ 69. e5 Rxe5+ 70. Kxe5 Kh5 71. Rh7+ Kg4
72. Be6+ 1-0

[Event "Xtracon Chess Open 2016"]
[Site "Elsinore"]
[Date "2016.07.28"]
[Round "7.100"]
[White "Moller, Arne"]
[Black "Kristensen, Kjell Ole"]
[Result "0-1"]
[WhiteElo "1843"]
[BlackElo "2006"]
[PlyCount "76"]
[EventDate "2016.07.23"]

1. e4 c5 2. Nf3 e6 3. d4 cxd4 4. Nxd4 Bc5 5. Nc3 Qb6 6. Na4 Qa5+ 7. c3 Be7 8.
a3 a6 9. b4 Qc7 10. Bd2 Nf6 11. Bd3 O-O 12. O-O b5 13. Nb2 Bb7 14. Qe2 Nc6 15.
f4 d5 16. e5 Nxd4 17. cxd4 Ne4 18. Bxe4 dxe4 19. Rac1 Qd7 20. Be3 a5 21. Qd2
axb4 22. axb4 Ra2 23. Ra1 Qd5 24. Rxa2 Qxa2 25. Rc1 Qb3 26. Nd1 Rc8 27. Rxc8+
Bxc8 28. Qc1 Bb7 29. h3 Bxb4 30. Kh2 h6 31. f5 exf5 32. Qc7 Bd5 33. Bf4 Be6 34.
Qd8+ Kh7 35. Ne3 Bd2 36. d5 Bxe3 37. Bxe3 Qxd5 38. Qb8 Qd3 0-1

[Event "Xtracon Chess Open 2016"]
[Site "Elsinore"]
[Date "2016.07.28"]
[Round "7.101"]
[White "Higgs, Joshua"]
[Black "Fridthjofsdottir, Sigurl. Regina"]
[Result "1-0"]
[WhiteElo "2003"]
[BlackElo "1815"]
[PlyCount "57"]
[EventDate "2016.07.23"]

1. e4 e6 2. d4 d5 3. Nc3 Nf6 4. Bg5 dxe4 5. Nxe4 Be7 6. Bxf6 Bxf6 7. Nf3 Nd7 8.
c3 O-O 9. Bd3 b6 10. O-O Bb7 11. Qc2 h6 12. Rad1 Be7 13. Rfe1 c6 14. Ng3 Qc7
15. Ne5 Nf6 16. Qe2 Bd6 17. Bb1 c5 18. dxc5 Bxc5 19. Nh5 Nxh5 20. Rd7 Nf4 21.
Qc2 Bxf2+ 22. Qxf2 Qc5 23. Qxc5 bxc5 24. Rxb7 Rfd8 25. Rxf7 Nd5 26. Be4 Rab8
27. Rf2 Rb6 28. Rd2 Rbd6 29. Red1 1-0